Light intensity effects in growth and development of Tulips iin comparison with those in Gladiolus (Record no. 22206)

MARC details
000 -LEADER
fixed length control field 00454nam a2200157Ia 4500
082 ## - DEWEY DECIMAL CLASSIFICATION NUMBER
Classification number 581.14
Item number WAS
100 ## - MAIN ENTRY--AUTHOR NAME
Personal name WASSINK, E C
245 #0 - TITLE STATEMENT
Title Light intensity effects in growth and development of Tulips iin comparison with those in Gladiolus
260 ## - PUBLICATION, DISTRIBUTION, ETC. (IMPRINT)
Place of publication Nederland
Name of publisher Mededelingen
Year of publication 1965
650 ## - SUBJECT ADDED ENTRY--TOPICAL TERM
Topical Term Gladiolus
650 ## - SUBJECT ADDED ENTRY--TOPICAL TERM
Topical Term Light intensity
650 ## - SUBJECT ADDED ENTRY--TOPICAL TERM
Topical Term Plant growth
650 ## - SUBJECT ADDED ENTRY--TOPICAL TERM
Topical Term Tulip
942 ## - ADDED ENTRY ELEMENTS (KOHA)
Koha item type Books
Holdings
Withdrawn status Lost status Damaged status Not for loan Home library Current library Date acquired Full call number Accession Number Koha item type
      Write off RRII Library RRII Library 16/12/2021 581.14 WAS 02927 Books